Environmental control in greenhouses for humid tropics (Record no. 15285)
[ view plain ]
| 000 -LEADER | |
|---|---|
| fixed length control field | 00679nam a22002057a 4500 |
| 003 - CONTROL NUMBER IDENTIFIER | |
| control field | OSt |
| 088 ## - REPORT NUMBER | |
| Report number | P 66 |
| 100 ## - MAIN ENTRY--AUTHOR NAME | |
| Personal name | BOBBY T |
| 245 ## - TITLE STATEMENT | |
| Title | Environmental control in greenhouses for humid tropics |
| 260 ## - PUBLICATION, DISTRIBUTION, ETC. (IMPRINT) | |
| Place of publication | Tavanur 1997 |
| Name of publisher | Department of Irrigation and Drainage Engineering |
| 300 ## - PHYSICAL DESCRIPTION | |
| Number of Pages | 76 |
| 500 ## - GENERAL NOTE | |
| General note | Environmental control in greenhouses for humid tropics |
| 520 ## - SUMMARY, ETC. | |
| Summary, etc | Environmental control in greenhouses for humid tropics |
| 700 ## - ADDED ENTRY--PERSONAL NAME | |
| Personal name | Sinija V. R |
| 700 ## - ADDED ENTRY--PERSONAL NAME | |
| Personal name | Suresh A |
| 700 ## - ADDED ENTRY--PERSONAL NAME | |
| Personal name | Er. E. K. Kurien (Guide) |
| 856 ## - ELECTRONIC LOCATION AND ACCESS | |
| Uniform Resource Identifier | https://drive.google.com/open?id=1QKXnhDP1_arWr5uUiD5TpuFVWG36a3dR |
| 942 ## - ADDED ENTRY ELEMENTS (KOHA) | |
| Koha item type | Project Report |
| Collection code | Home library | Current library | Shelving location | Full call number | Accession Number | Koha item type |
|---|---|---|---|---|---|---|
| Reference | KAUAET | KAUAET | Reference | 631.587 BOB/EN | P 66 | Project Report |
